A-level year 1 and AS Chemistry exam board: OCR A complete revision and practice (Record no. 63645)

MARC details
000 -LEADER
fixed length control field 01669nam a2200253 a 4500
008 - FIXED-LENGTH DATA ELEMENTS--GENERAL INFORMATION
fixed length control field 201117s2015 ||||||||||||||||| || u
020 ## - INTERNATIONAL STANDARD BOOK NUMBER
International Standard Book Number 9781782942900
050 ## - LIBRARY OF CONGRESS CALL NUMBER
Classification number QD 453 Che
100 ## - MAIN ENTRY--PERSONAL NAME
Personal name Henderson, Gordon
245 10 - TITLE STATEMENT
Title A-level year 1 and AS Chemistry exam board: OCR A complete revision and practice
Statement of responsibility, etc. Edited by Katie Braid; Gordon Henderson; Emily Howe; Sarah Pattison; Sophie Scott
260 ## - PUBLICATION, DISTRIBUTION, ETC.
Place of publication, distribution, etc. Newcastle
Name of publisher, distributor, etc. CGP
Date of publication, distribution, etc. 2015
300 ## - PHYSICAL DESCRIPTION
Extent 126 pages: illustrations
650 ## - SUBJECT ADDED ENTRY--TOPICAL TERM
Topical term or geographic name entry element CHEMISTRY--EXAMINATIONS--STUDY GUIDES
700 ## - ADDED ENTRY--PERSONAL NAME
Personal name Braid, Katie
700 ## - ADDED ENTRY--PERSONAL NAME
Personal name Howe, Emily
700 ## - ADDED ENTRY--PERSONAL NAME
Personal name Scott, Sophie
700 ## - ADDED ENTRY--PERSONAL NAME
Personal name Pattison, Sarah
995 ## -
-- MAIN LIBRARY OPEN ACCESS
-- 750588
-- CBU-MAIN LIBRARY (Kitwe)
-- 38.30
-- QD 453 Che
-- 5
-- AVAILABLE
-- Dec 7, 2020
-- 750588
-- Main Library Open Access Collection
995 ## -
-- MEDICAL LIBRARY OPEN ACCESS
-- 905196
-- CBU-SCHOOL OF MEDICINE LIBRARY (Ndola)
-- 19.39
-- QD 453 Che
-- 2
-- AVAILABLE
-- Nov 18, 2020
-- 905196
-- Medical Library Open Access Collection
995 ## -
-- MEDICAL LIBRARY OPEN ACCESS
-- 905195
-- CBU-SCHOOL OF MEDICINE LIBRARY (Ndola)
-- 19.39
-- QD 453 Che
-- 1
-- AVAILABLE
-- Nov 18, 2020
-- 905195
-- Medical Library Open Access Collection
995 ## -
-- MAIN LIBRARY OPEN ACCESS
-- 750589
-- CBU-MAIN LIBRARY (Kitwe)
-- 38.30
-- QD 453 Che
-- 6
-- AVAILABLE
-- Dec 7, 2020
-- 750589
-- Main Library Open Access Collection
995 ## -
-- MAIN LIBRARY OPEN ACCESS
-- 750587
-- CBU-MAIN LIBRARY (Kitwe)
-- 38.30
-- QD 453 Che
-- 4
-- AVAILABLE
-- Dec 7, 2020
-- 750587
-- Main Library Open Access Collection
995 ## -
-- MAIN LIBRARY OPEN ACCESS
-- 750586
-- CBU-MAIN LIBRARY (Kitwe)
-- 38.30
-- QD 453 Che
-- 3
-- AVAILABLE
-- Dec 7, 2020
-- 750586
-- Main Library Open Access Collection
999 ## -
-- 63645
-- 63645
Holdings
Withdrawn status Lost status Source of classification or shelving scheme Damaged status Not for loan Permanent Location Current Location Shelving location Date acquired Total Checkouts Full call number Barcode Date last seen Copy number Price effective from Koha item type
          CBU-MAIN LIBRARY, KITWE. CBU-MAIN LIBRARY, KITWE.   01/25/2023   QD 453 Che 750588 01/25/2023 1 01/25/2023 MONOGRAPH
          CBU-MAIN LIBRARY, KITWE. CBU-MAIN LIBRARY, KITWE.   01/25/2023   QD 453 Che 750589 01/25/2023 4 01/25/2023 MONOGRAPH
          CBU-MAIN LIBRARY, KITWE. CBU-MAIN LIBRARY, KITWE.   01/25/2023   QD 453 Che 750587 01/25/2023 5 01/25/2023 MONOGRAPH
          CBU-MAIN LIBRARY, KITWE. CBU-MAIN LIBRARY, KITWE.   01/25/2023   QD 453 Che 750586 01/25/2023 6 01/25/2023 MONOGRAPH
          CBU-SCHOOL OF MEDICINE LIBRARY, NDOLA. CBU-SCHOOL OF MEDICINE LIBRARY, NDOLA.   01/25/2023   QD 453 Che 905196 01/25/2023 2 01/25/2023 MONOGRAPH
          CBU-SCHOOL OF MEDICINE LIBRARY, NDOLA. CBU-SCHOOL OF MEDICINE LIBRARY, NDOLA.   01/25/2023   QD 453 Che 905195 01/25/2023 3 01/25/2023 MONOGRAPH